000
00369cam a2200169ua 4500
020
_c
2.50
041
_a
mal
_h
082
_a
894.812301
_b
KOV/OR
100
_a
Kovilan, .
245
_a
Oru kashnam asthi /
_c
Kovilan.
_h
Textual Documents
250
_a
1 /
_b
.
300
_a
200 ; .
365
_a
2.50
504
_a
942
_c
BK
999
_c
12616
_d
12616